Quiz o stolicach Ameryki Południowej - Statystyki

Ogólne statystyki
  • Ten quiz został rozwiązany 48 razy
  • Średni wynik to 11 z 13
Statystyki odpowiedzi
Zagadnienie Odpowiedź % Poprawnych
Które miasto jest stolicą Brazylii? Brasilia
100%
Które miasto jest stolicą Argentyny? Buenos Aires
100%
Które miasto jest stolicą Ekwadoru? Quito
100%
Które miasto jest stolicą Kolumbii? Bogota
92%
Które miasto jest stolicą Peru? Lima
92%
Które miasto jest stolicą Urugwaju? Montevideo
92%
Które miasto jest stolicą Wenezueli? Caracas
83%
Które miasto jest stolicą Chile? Santiago
83%
Które miasto jest stolicą Paragwaju? Asuncion
75%
Które miasto jest stolicą Gujany? Georgetown
75%
Które miasto jest stolicą Surinamu? Paramaribo
75%
Które miasto jest stolicą Trynidadu i Tobago? Port-of-Spain
58%
Które miasto jest stolicą Boliwii? Sucre
33%
Nie znaleziono quizów pasujących do podanych kryteriów
Rozkład punktacji
Procent ludzi z każdym wynikiem
Percentyl według liczby udzielonych odpowiedzi
Twoja historia wyników
Nie rozwiązałeś tego quizu